| 000 | 00342nam a2200133Ia 4500 | ||
|---|---|---|---|
| 005 | 20251222144830.0 | ||
| 008 | 251222s9999||||xx |||||||||||||| ||spa|| | ||
| 020 | _a84-8469-171-3 | ||
| 082 | _a370.115/E62 | ||
| 100 | _aEnkvist, Inger | ||
| 245 | 0 | _aRepensar la Educación | |
| 264 | _bEdiciones Internacionales Universitarias | ||
| 942 | _cLIB | ||
| 999 |
_c20815 _d20815 |
||